Medzinárodná konferencia pre doktorandov a mladých vedeckých pracovníkov - EDAMBA 2011

Informácia o konaní medzinárodnej vedeckej konferencie doktorandov a mladých vedeckých pracovníkov EDAMBA 2011. Konferencia sa konala 29.-30. septembra 2011.

Na minha lista:
Detalhes bibliográficos
Autor principal: Machová, Martina
Formato: Capítulo de Livro
Idioma:eslovaco
Assuntos:
Tags: Adicionar Tag
Sem tags, seja o primeiro a adicionar uma tag!

MARC

LEADER 00000naa a2200000 4500
001 0149163
005 20230918093758.3
041 0 |a slo 
044 |a SK 
245 1 0 |a Medzinárodná konferencia pre doktorandov a mladých vedeckých pracovníkov - EDAMBA 2011  |c Martina Machová 
520 |a Informácia o konaní medzinárodnej vedeckej konferencie doktorandov a mladých vedeckých pracovníkov EDAMBA 2011. Konferencia sa konala 29.-30. septembra 2011. 
610 2 0 |a konferencie 
610 2 0 |a veda ekonomická 
610 2 0 |a teórie ekonomické 
610 2 0 |a vzťahy ekonomické 
610 2 0 |a financie 
610 2 0 |a bankovníctvo 
610 2 0 |a manažment 
100 1 |a Machová, Martina